Представление документа в формате RUSMARC

ПолеНазваниеЗначение
  Тип записи a
  Библиографический уровень a
001 Контрольный номер UONB/MAIN/54561090b80842c0a54728fb4623542a
005 Дата корректировки 20260423101022.5
100 Данные общей обработки __
a Данные общей обработки 20260423 ||| 0rusy0189 ca
101 Язык документа 0_
a Язык текста rus
102 Страна публикации __
a Страна публикации RU
200 Заглавие и сведения об ответственности 1_
a Заглавие Знаменитой Володарке - 110 лет!
203 Вид содержания и тип средства __
a Вид содержания Текст
b Характеристика содержания визуальный
c Тип средства непосредственный
330 Аннотация __
a Аннотация История создания ОАО "Ульяновский патронный завод" , которому в 2026 году исполняется 110 лет.
461 Уровень набора _0
1 2000
a Народная газета
463 Уровень физической единицы _0
1 2000
a № 16 (642) (22 апреля)
v С. 8
1 2101
d 2026
1 001UONB/MAIN/e4cb6d4f36c340cb888523532f85793e
607 Географические рубрики __
a Географическое наименование Ульяновск, город
610 Ключевые слова 0_
a Ключевые слова патронные заводы; заводы; юбилеи
686 Индексы других классификаций __
a Классификационный индекс 30.6
801 Источник записи _0
a Страна RU
b Организация Ульяновская ОНБ
c Дата составления 20260423
g Правила каталогизации RCR
801 Источник записи _1
a Страна RU
b Организация Ульяновская ОНБ
c Дата составления 20260423
g Правила каталогизации RCR
901 Тип документа __
t Тип документа f
w Контрольный № источника UONB/MAIN/e4cb6d4f36c340cb888523532f85793e
909 Создатель записи __
a Создатель записи Елягина
b Дата создания записи 20260423